| 000 | 00924nam a2200337 a 4500 | ||
|---|---|---|---|
| 003 | AR-BaBNM | ||
| 005 | 20251128204357.0 | ||
| 008 | 082120s2002 ||||||||||||||000 | spa|| | ||
| 020 | _a950-07-0498-6 | ||
| 040 | _cAR-BaBNM | ||
| 100 | 1 | _aGardini, Carlos | |
| 245 | 0 | 0 | _aCuentos de vendavalia |
| 250 | _a2ª ed. | ||
| 260 |
_aBuenos Aires _bSudamericana _c1992 |
||
| 300 |
_a57 p. _bil., láms. |
||
| 490 | 0 |
_aPan flauta _vv. 4 |
|
| 500 | _aContiene cartas del autor y del ilustrador dirigidas a los lectores | ||
| 500 | _aCatálogo de las publicaciones de la colección | ||
| 650 | 4 | _aCUENTOS | |
| 650 | 4 | _aLITERATURA INFANTIL | |
| 650 | 4 | _aLIBROS PARA NIÑOS | |
| 650 | 4 | _aCULTURA | |
| 650 | 4 | _aHUMANIDADES | |
| 650 | 4 | _aPUBLICACIONES EDUCACIONALES | |
| 651 | 4 | _aArgentina | |
| 655 | _aLITERATURA | ||
| 700 | 1 |
_aElizalde, Marcelo _eilustrador |
|
| 800 | 0 | _aCanela | |
| 942 | _cBK | ||
| 998 | _cisola | ||
| 999 |
_c7218 _d7218 |
||